000
00317nam a2200121Ia 4500
008
201214s9999 xx 000 0 und d
100
_a
Rachlin, Robert and Stockton, Richard B.
245
0
_a
Managing Cash Flow and Capital During Inflation
260
_a
New York
260
_b
Hamilton
260
_c
1979
942
_c
BK
999
_c
5874
_d
5874